US President by Year Quiz Stats

 Plays Quiz Updated Oct 11, 2018

Score 0/45 Timer 06:00
1 Play Today
Year(s) served President % Correct
2009-2017Barack Obama
90.3%
2001-2009George W Bush
88.6%
2017-Donald Trump
86.2%
1993-2001Bill Clinton
86.1%
1789-1797George Washington
83.1%
1961-1963John F. Kennedy
82.9%
1797-1801John Adams
82.7%
1981-1989Ronald Reagan
82.6%
1989-1993George H.W. Bush
82.1%
1933-1945Franklin Roosevelt
81.1%
1977-1981Jimmy Carter
81.1%
1969-1974Richard Nixon
80.2%
1963-1969Lyndon B Johnson
79.9%
1974-1977Gerald Ford
78.5%
1953-1961Dwight Eisenhower
78.4%
1801-1809Thomas Jefferson
78.1%
1945-1953Harry S Truman
77.6%
1861-1865Abraham Lincoln
77.1%
1929-1933Herbert Hoover
74.4%
1901-1909Theodore Roosevelt
74.3%
1913-1921Woodrow Wilson
74%
1809-1817James Madison
71.6%
1923-1929Calvin Coolidge
70.3%
Year(s) served President % Correct
1841William Harrison
70.2%
1865-1869Andrew Johnson
69%
1817-1825James Monroe
67.3%
1909-1913William Howard Taft
66.9%
1869-1877Ulysses S Grant
65.1%
1921-1923Warren G Harding
64.1%
1881James Garfield
63.8%
1897-1901William McKinley
62.7%
1829-1837Andrew Jackson
62.6%
1825-1829John Quincy Adams
60.6%
1857-1861James Buchanan
59.4%
1893-1897Grover Cleveland
57.5%
1841-1845John Tyler
55.8%
1845-1849James Knox Polk
55.5%
1885-1889Grover Cleveland
55.4%
1849-1850Zachary Taylor
55.3%
1837-1841Martin Van Buren
54.3%
1877-1881Rutherford B Hayes
53.2%
1853-1857Franklin Pierce
53.2%
1881-1885Chester A Arthur
52.9%
1850-1853Millard Fillmore
51.2%
1889-1893Benjamin Harrison
49.3%

You're not logged in!

Compare scores with friends on all Sporcle quizzes.
OR
Log In

Sporcle TV

Today on Sporcle TV


Watch our educational content, quiz creation guides, and fun videos on Sporcle TV.

Show Comments

Extras

Top Quizzes Today


Score Distribution

Your Account Isn't Verified!

In order to create a playlist on Sporcle, you need to verify the email address you used during registration. Go to your Sporcle Settings to finish the process.

Report this User

Report this user for behavior that violates our Community Guidelines.

Details: